Statistics for Top International Destinations From JFK Airport

Click here to take the quiz!

General Stats

  • This quiz has been taken 157 times
  • The average score is 17 of 25

Answer Stats

PassengerAnswer% Correct
2,298,307London
99%
1,177,109Paris
98%
464,775Mexico City
96%
564,110Rome
96%
552,504Tokyo
94%
459,613Madrid
94%
533,667Amsterdam
88%
646,900Frankfurt
87%
418,665Dubai
77%
229,873Moscow
76%
455,706Dublin
75%
461,064Sao Paulo
73%
341,418Hong Kong
72%
283,637Milan
72%
516,414Incheon
70%
270,832Istanbul
69%
367,214Zurich
65%
327,352Cancun
57%
245,551Athens
56%
546,135Tel Aviv
53%
579.954Santo Domingo
46%
556,668Santiago
42%
315,301Montego Bay
26%
246,789Port Of Spain
7%
272,291Oranjestad
1%

Score Distribution

Percentile by Number Answered

Percent of People with Each Score

Your Score History

You have not taken this quiz